000 00328nam a2200121Ia 4500
005 20251222154411.0
008 251222s9999||||xx |||||||||||||| ||spa||
020 _a978-968-24-8324-0
082 _a632.9/T68
100 _a"Toledo Arreola, JorgeInfante Martínez, Francisco"
245 0 _aManejo integrado de plagas
942 _cLIB
999 _c35661
_d35661